000 00633nam a22002297a 4500
003 UA-OsUOA
001 99276
007 ta
008 20130426b un ||||| |||| 00| 0 ukr d
100 _aСервантес М.
090 _a821.161.1
_bС32
942 _cBK
040 _aUA-OsUOA
_brus
_cUA-OsUOA
_dUA-OsUOA
245 _aНазидательные новеллы
300 _a319 с.
955 _a3
041 _arus
080 _a821.161.1
260 _aМ.
_bХудожественная литература
_c1982
650 7 _a82 Література. Літературознавство
_2UDC
999 _c385390
_d385390